| 000 | 003480000a22001450004500 | ||
|---|---|---|---|
| 060 | _a100 | ||
| 082 | _a582.087 PRI | ||
| 100 | _aKurz, W G W | ||
| 245 | _aPrimary and secondary metabolism of plant cell cultures II | ||
| 260 | _aSpringer - verlag Berlin | ||
| 260 | _c1989 | ||
| 300 | _a315 | ||
| 650 | _aPlant cell/ Metabolism | ||
| 942 | _cBK | ||
| 999 |
_c350360 _d350360 |
||